[Event "AUTO-OPEN-2131"]
[Site "http://www.queenalice.com/game.php?id=844805"]
[Date "2010.10.12"]
[Round "1"]
[White "glasiq"]
[Black "otsenrechess"]
[Result "0-1"]
[WhiteElo "1792"]
[BlackElo "2121"]

1. d4 Nf6 2. c4 g6 3. Nc3 d5 4. Nf3 Bg7 5. cxd5 Nxd5 6. e4 Nxc3 7. bxc3 c5 8.
Bc4 O-O 9. O-O Nc6 10. Be3 Bg4 11. Rb1 cxd4 12. cxd4 Nxd4 13. Bxd4 Bxf3 14. Qxf3
Qxd4 15. Bd3 b6 16. Rfd1 Rfd8 17. Rbc1 Qb4 18. Rc7 Be5 19. Rc4 Qa3 0-1

[Event "AUTO-OPEN-2131"]
[Site "http://www.queenalice.com/game.php?id=844828"]
[Date "2010.10.12"]
[Round "1"]
[White "glasiq"]
[Black "miltonloviski"]
[Result "1-0"]
[WhiteElo "1992"]
[BlackElo "1745"]

1. d4 d5 2. c4 dxc4 3. e4 b5 4. a4 Ba6 5. b3 cxb3 6. axb5 Bb7 7. Nc3 a6 8. Nf3
axb5 9. Rxa8 Bxa8 10. Bxb5+ c6 11. Ba4 e6 12. Qxb3 Na6 13. Ne5 Ne7 14. d5 exd5
15. exd5 Nc5 16. dxc6 Qc7 17. Qxf7+ Kd8 18. Qf4 Nd3+ 19. Nxd3 Qxf4 20. Bxf4 Nxc6
21. O-O Nd4 22. Rb1 1-0

[Event "AUTO-OPEN-2131"]
[Site "http://www.queenalice.com/game.php?id=844829"]
[Date "2010.10.12"]
[Round "1"]
[White "miltonloviski"]
[Black "glasiq"]
[Result "0-1"]
[WhiteElo "1716"]
[BlackElo "1945"]

1. e4 e5 2. Nf3 Nc6 3. d4 exd4 4. Nxd4 Bc5 5. Nxc6 Qf6 6. Qe2 Qxc6 7. Nc3 d6 8.
Nd5 Be6 9. Nc3 Nf6 10. f3 O-O-O 11. Bg5 Bd4 12. Qd2 Bxc3 13. Qxc3 Qxc3+ 14. bxc3
Rd7 15. Bxf6 gxf6 16. a4 f5 17. Bd3 fxe4 18. Bxe4 Re8 19. Rb1 Bd5 20. Rb4 f5 21.
c4 Bf7 22. Rxb7 fxe4 23. Rxa7 exf3+ 24. Kf2 fxg2 25. Rb1 Rde7 26. Kxg2 Re2+ 27.
Kf3 R8e3+ 28. Kf4 Re4+ 29. Kf5 Bg6+ 30. Kf6 Rf4+ 31. Kg7 Rf7+ 32. Kh6 Rxh2+ 33.
Kg5 Rg2+ 34. Kh4 Rf4+ 35. Kh3 Rg5 0-1

[Event "AUTO-OPEN-2131"]
[Site "http://www.queenalice.com/game.php?id=844830"]
[Date "2010.10.12"]
[Round "1"]
[White "glasiq"]
[Black "Artking"]
[Result "0-1"]
[WhiteElo "1994"]
[BlackElo "2088"]

1. d4 Nf6 2. c4 c5 3. d5 b5 4. cxb5 a6 5. bxa6 Bxa6 6. Nc3 g6 7. e4 Bxf1 8. Kxf1
d6 9. Nf3 Nbd7 10. g3 Bg7 11. Kg2 h5 12. Re1 Ng4 13. Bg5 c4 14. Qc2 Qb6 15. h3
Nge5 16. Nxe5 Nxe5 17. a4 Nd3 18. Re2 Qb3 19. Ra3 Ne1+ 20. Kf1 Nxc2 21. Rxb3
cxb3 22. Kg2 Bxc3 0-1

[Event "AUTO-OPEN-2131"]
[Site "http://www.queenalice.com/game.php?id=844831"]
[Date "2010.10.12"]
[Round "1"]
[White "Artking"]
[Black "glasiq"]
[Result "1-0"]
[WhiteElo "2067"]
[BlackElo "2008"]

1. d4 Nf6 2. c4 e6 3. Nc3 Bb4 4. Qc2 c5 5. Nf3 cxd4 6. Nxd4 Qc7 7. e3 e5 8. Nf5
O-O 9. Bd2 Nc6 10. g4 Nxg4 11. Rg1 g6 12. Rxg4 d6 13. Nh6+ Kg7 14. Nd5 Bxd2+ 15.
Qxd2 Qd8 16. e4 Bxg4 17. Nxg4 Qh4 18. Ngf6 Nd4 19. O-O-O Qxh2 20. Ng4 Qh4 21.
Ndf6 Rac8 22. Kb1 h5 23. Qh6# 1-0

[Event "AUTO-ADV-1955"]
[Site "http://www.queenalice.com/game.php?id=852854"]
[Date "2010.10.31"]
[Round "1"]
[White "glasiq"]
[Black "SamuraiX13"]
[Result "1-0"]
[WhiteElo "1957"]
[BlackElo "1778"]

1. d4 d5 2. c4 dxc4 3. e4 b5 4. a4 bxa4 5. Qxa4+ Qd7 6. Nc3 c6 7. Bxc4 e6 8. Nf3
Be7 9. Bf4 Nf6 10. Bxb8 Rxb8 11. b3 Bb4 12. Rc1 Bxc3+ 13. Rxc3 Nxe4 14. Re3 Nd6
15. Ne5 Qc7 16. d5 O-O 17. dxc6 Nxc4 18. Qxc4 Qa5+ 19. Qc3 Qxc3+ 20. Rxc3 Re8
21. O-O Ba6 22. Ra1 Bb5 23. Rxa7 Red8 24. Nd7 Rbc8 25. c7 Rxd7 26. f3 Rd3 27.
Rxd3 Bxd3 28. Rb7 f5 29. Rb8 Ba6 30. b4 Kf7 31. b5 Rxc7 32. bxa6 Kf6 33. Rb7
Rc1+ 34. Kf2 Ra1 35. a7 f4 36. Ke2 h5 37. Kd2 g5 38. Kc2 Ke5 39. Kb2 Ra6 40. Kb3
Kd6 41. Kb4 Kc6 42. Re7 Kb6 43. Rxe6+ Kxa7 44. Rxa6+ Kxa6 45. Kc5 g4 46. fxg4
hxg4 47. Kd4 f3 48. gxf3 gxf3 49. Ke3 f2 50. Kxf2 Kb6 51. h4 Kc6 52. h5 Kd6 53.
h6 Ke6 54. h7 Kf7 55. h8=Q Ke6 56. Qh5 Kd6 57. Ke3 Ke6 58. Kd4 Kf6 59. Ke4 Ke6
60. Qh6+ Ke7 61. Kd5 Kd7 62. Qg7+ Ke8 63. Kd6 Kd8 64. Qf8# 1-0

[Event "AUTO-ADV-1955"]
[Site "http://www.queenalice.com/game.php?id=852855"]
[Date "2010.10.31"]
[Round "1"]
[White "SamuraiX13"]
[Black "glasiq"]
[Result "1-0"]
[WhiteElo "1780"]
[BlackElo "1998"]

1. e4 d6 2. Nc3 e5 3. Qe2 Nf6 4. d3 Nc6 5. Bg5 Bg4 6. Bxf6 Bxe2 7. Bxd8 Bxf1 8.
Kxf1 Rxd8 9. Nd5 Rd7 10. Ne2 g6 11. Nf6+ Ke7 12. Nxd7 Kxd7 13. Re1 Bh6 14. h4
Nb4 15. Nc3 Nxc2 16. Rd1 f5 17. exf5 gxf5 18. Rh3 Rg8 19. Nd5 Rf8 20. a3 c6 21.
Ne3 Nd4 22. b4 e4 23. a4 exd3 24. Rxd3 Ne6 25. Rf3 Bg7 26. Nxf5 Bf6 27. Rxd6+
1-0

[Event "AUTO-ADV-1955"]
[Site "http://www.queenalice.com/game.php?id=852856"]
[Date "2010.10.31"]
[Round "1"]
[White "glasiq"]
[Black "thw"]
[Result "0-1"]
[WhiteElo "1970"]
[BlackElo "1743"]

1. d4 e6 2. e4 d5 3. e5 c5 4. c3 Nc6 5. Nf3 Qb6 6. Qa4 Bd7 7. Qb3 Qxb3 8. axb3
cxd4 9. cxd4 Bb4+ 10. Nc3 Nge7 11. Ra4 a5 12. Bd2 O-O 13. Nb5 Bxd2+ 14. Nxd2 b6
15. Be2 Nf5 16. O-O f6 17. f4 fxe5 18. fxe5 Na7 19. Nc7 Rac8 20. Nxe6 Bxe6 21.
Bg4 g6 22. Nf3 Rc6 23. b4 Rc4 24. Rfa1 Nc6 25. Ng5 Bc8 26. bxa5 Rxa4 27. Rxa4
bxa5 28. Bf3 Nfxd4 29. Bxd5+ Kg7 30. e6 Ne2+ 31. Kh1 Rf1# 0-1

[Event "AUTO-ADV-1955"]
[Site "http://www.queenalice.com/game.php?id=852857"]
[Date "2010.10.31"]
[Round "1"]
[White "thw"]
[Black "glasiq"]
[Result "0-1"]
[WhiteElo "1750"]
[BlackElo "1963"]

1. e4 e5 2. Nf3 Nc6 3. Bb5 a6 4. Bxc6 dxc6 5. h3 Bd6 6. O-O Nf6 7. Nc3 O-O 8. d3
Be6 9. Be3 Qd7 10. Qd2 Bxh3 11. gxh3 Qxh3 12. Nh2 Rfe8 13. Ne2 Ng4 14. Nxg4
Qxg4+ 15. Ng3 Re6 16. Qe2 Qh3 17. Qf3 Rh6 18. Qg2 Qxg2+ 19. Kxg2 Rg6 20. Rh1 Re8
21. Rag1 Ree6 22. Kf1 b6 23. Nf5 Rxg1+ 24. Rxg1 g6 25. Nxd6 Rxd6 26. f4 exf4 27.
Bxf4 Rf6 28. Rg4 h5 29. Rh4 g5 0-1

[Event "AUTO-ADV-1955"]
[Site "http://www.queenalice.com/game.php?id=852858"]
[Date "2010.10.31"]
[Round "1"]
[White "glasiq"]
[Black "vallef"]
[Result "0-1"]
[WhiteElo "1973"]
[BlackElo "1817"]

1. e4 e5 2. f4 d6 3. fxe5 dxe5 4. Nf3 Bg4 5. Be2 Nc6 6. c3 Nf6 7. h3 Bh5 8. Qa4
Bc5 9. Bb5 O-O 10. Bxc6 bxc6 11. Nxe5 Qd6 12. d4 Nxe4 13. Bf4 Rfe8 14. O-O Be2
15. Nxf7 Bxd4+ 16. cxd4 Qf6 17. Re1 Qxf4 18. Rxe2 Qxf7 19. Qxc6 Ng3 20. Rf2 Re1+
21. Kh2 Qxf2 22. Qd5+ Kf8 23. Qxa8+ Kf7 24. Qd5+ Kg6 25. Qc6+ Kh5 26. Qf3+ Qxf3
27. gxf3 Kh4 28. b3 Re2+ 29. Kg1 Kxh3 30. Nc3 Rg2# 0-1

[Event "AUTO-ADV-1955"]
[Site "http://www.queenalice.com/game.php?id=852859"]
[Date "2010.10.31"]
[Round "1"]
[White "vallef"]
[Black "glasiq"]
[Result "0-1"]
[WhiteElo "1839"]
[BlackElo "1951"]

1. e4 d6 2. d4 e5 3. d5 f5 4. Nc3 fxe4 5. Nxe4 Bf5 6. Bd3 Bxe4 7. Bxe4 Nf6 8.
Bg5 Be7 9. Bxf6 Bxf6 10. Qh5+ g6 11. Qh6 Qe7 12. Bxg6+ hxg6 13. Qxg6+ Qf7 14.
Qxf7+ Kxf7 15. O-O-O Nd7 16. Ne2 Nc5 17. f4 e4 18. h3 Rh7 19. Rhe1 Rg8 20. Rg1
Bh4 21. Rd4 Bf2 22. Rf1 Bxd4 23. Nxd4 Rxg2 24. Re1 Rxh3 25. Kd1 e3 26. Nf5 Rd2+
27. Kc1 Rxd5 28. Nxe3 Rd4 29. Rf1 Rxe3 0-1

[Event "AUTO-ADV-1982"]
[Site "http://www.queenalice.com/game.php?id=862660"]
[Date "2010.11.23"]
[Round "1"]
[White "leoescudero"]
[Black "glasiq"]
[Result "1-0"]
[WhiteElo "2037"]
[BlackElo "1970"]

1. e4 c5 2. Nc3 e6 3. Bc4 Nc6 4. d3 a6 5. a4 Nf6 6. e5 Nxe5 7. Ba2 d5 8. f4 Nc6
9. Nf3 Be7 10. O-O O-O 11. Qe1 d4 12. Ne4 b5 13. axb5 axb5 14. Bd2 Nxe4 15. Qxe4
Bb7 16. f5 exf5 17. Qxf5 Qc8 18. Qh5 Bf6 19. Bg5 g6 20. Qh4 Bxg5 21. Nxg5 Ne5
22. Qxh7# 1-0

[Event "AUTO-ADV-1982"]
[Site "http://www.queenalice.com/game.php?id=862661"]
[Date "2010.11.23"]
[Round "1"]
[White "glasiq"]
[Black "leoescudero"]
[Result "0-1"]
[WhiteElo "1914"]
[BlackElo "2029"]

1. d4 Nf6 2. c4 c5 3. d5 b5 4. cxb5 a6 5. bxa6 Bxa6 6. Nc3 d6 7. Nf3 g6 8. e4
Bxf1 9. Kxf1 Bg7 10. g3 Nbd7 11. Kg2 O-O 12. Re1 Ng4 13. a4 Nge5 14. Bf4 Nc4 15.
Qe2 Nde5 16. Nxe5 Nxe5 17. Ra3 Qb6 18. Rea1 Qb4 19. a5 Nc4 20. Ra4 Qxb2 21. Qxb2
Nxb2 22. R4a3 Nc4 23. Ra4 Bxc3 24. Rxc4 Bxa1 25. Ra4 Bc3 26. a6 Rfb8 27. Ra3 Bb2
28. Ra2 Rb6 29. a7 Rb7 0-1

[Event "AUTO-ADV-1982"]
[Site "http://www.queenalice.com/game.php?id=862678"]
[Date "2010.11.23"]
[Round "1"]
[White "glasiq"]
[Black "Parma"]
[Result "0-1"]
[WhiteElo "1903"]
[BlackElo "1977"]

1. d4 d5 2. c4 Nf6 3. Nf3 e6 4. cxd5 Nxd5 5. e4 Bb4+ 6. Bd2 Bxd2+ 7. Qxd2 Nf6 8.
e5 Nd5 9. Nc3 O-O 10. Bc4 Nb6 11. Bb3 Bd7 12. O-O Nc6 13. d5 exd5 14. Nxd5 Be6
15. Nxb6 axb6 16. Qxd8 Rfxd8 17. Bxe6 fxe6 18. Rfe1 Nb4 19. Re4 Nxa2 20. Nd4 Kf7
21. Nb5 c5 22. Nd6+ Ke7 23. f4 Rxd6 24. exd6+ Kxd6 25. Kf2 Ra5 26. Ke1 Nb4 27.
Rd1+ Nd5 28. Kf2 Rb5 29. Rd2 h6 30. g4 g6 31. h4 Rb4 32. Rxb4 cxb4 33. Kf3 h5
34. Rd3 Kc5 35. b3 b5 36. g5 b6 37. Ke4 Kd6 38. Rd1 Ke7 39. Ke5 Ne3 40. Rd6 Ng4+
0-1

[Event "AUTO-ADV-1982"]
[Site "http://www.queenalice.com/game.php?id=862679"]
[Date "2010.11.23"]
[Round "1"]
[White "Parma"]
[Black "glasiq"]
[Result "1-0"]
[WhiteElo "2041"]
[BlackElo "1925"]

1. d4 Nf6 2. e3 g6 3. Nf3 Bg7 4. c4 d6 5. Be2 c5 6. dxc5 Qa5+ 7. Nc3 Qxc5 8. O-O
Nc6 9. Bd2 Be6 10. b3 O-O 11. Qc2 Rfd8 12. Rad1 Ne5 13. Bc1 d5 14. cxd5 Nxd5 15.
Bb2 Nxf3+ 16. Bxf3 Nxc3 17. Bxc3 Bxc3 18. Rc1 Rac8 19. Bxb7 Rc7 20. Bf3 Rdc8 21.
h3 Be5 22. Qd2 Qxc1 23. Rxc1 Rxc1+ 24. Bd1 Bf5 25. f4 Bf6 26. Kh2 g5 27. Bf3
R8c2 28. Qa5 Rf1 29. Qxf5 Rxf3 30. Qxc2 Rxe3 31. fxg5 Bxg5 32. Qc8+ Kg7 33. Qg4
Kf6 34. h4 Bh6 35. Qd4+ Kg6 36. Qxa7 e5 37. g4 e4 38. g5 Re2+ 39. Kg3 Bf8 40.
Qa6+ Kg7 41. Qxe2 1-0

[Event "AUTO-ADV-1982"]
[Site "http://www.queenalice.com/game.php?id=862680"]
[Date "2010.11.23"]
[Round "1"]
[White "glasiq"]
[Black "Korchnoico"]
[Result "1-0"]
[WhiteElo "1966"]
[BlackElo "1672"]

1. d4 d5 2. c4 c6 3. Nf3 e6 4. e3 Nf6 5. Nc3 Be7 6. Be2 O-O 7. O-O b6 8. Qd3 Ba6
9. b3 dxc4 10. bxc4 Nd5 11. Nxd5 cxd5 12. Qc2 dxc4 13. Bxc4 Qc8 14. Qe4 Bb7 15.
Qd3 Rd8 16. Rb1 Bxf3 17. gxf3 Nc6 18. Rb5 Nb8 19. Kh1 Qb7 20. d5 a6 21. Rb3 b5
22. Qd4 Nc6 23. Qc3 exd5 24. Rg1 g6 25. Bb2 f6 26. Bd3 Rac8 27. Bf5 d4 28. Bxc8
dxc3 29. Bxb7 cxb2 30. Bxc6 Rc8 31. Bd5+ Kg7 32. Rxb2 f5 33. Be6 Rc6 34. Bxf5
Kf6 35. Bd3 Rc7 36. e4 1-0

[Event "AUTO-ADV-1982"]
[Site "http://www.queenalice.com/game.php?id=862681"]
[Date "2010.11.23"]
[Round "1"]
[White "Korchnoico"]
[Black "glasiq"]
[Result "0-1"]
[WhiteElo "1665"]
[BlackElo "1952"]

1. d4 Nf6 2. c4 d6 3. e3 g6 4. Nf3 c5 5. dxc5 Qa5+ 6. Nc3 Qxc5 7. Qd4 Qxd4 8.
Nxd4 Bg7 9. Ndb5 Na6 10. a3 O-O 11. Be2 e5 12. O-O Be6 13. Nxd6 Nc5 14. b4 Nb3
15. Rb1 Nxc1 16. Rbxc1 b6 17. Nde4 Rad8 18. Rfd1 Nxe4 19. Nxe4 Bf5 20. Ng3 Rxd1+
21. Rxd1 Be6 22. c5 bxc5 23. bxc5 Rc8 24. Rc1 Bf8 25. c6 Bxa3 26. Ne4 Bxc1 27.
Bb5 Kg7 28. Nd6 Rd8 0-1

[Event "AUTO-ADV-2042"]
[Site "http://www.queenalice.com/game.php?id=888317"]
[Date "2011.1.19"]
[Round "1"]
[White "Artking"]
[Black "glasiq"]
[Result "1-0"]
[WhiteElo "1958"]
[BlackElo "1854"]

1. g4 e5 2. Bg2 c6 3. c4 Bc5 4. Nc3 h5 5. g5 Qxg5 6. Kf1 Qh4 7. Ne4 d5 8. Nxc5
Qxc4 9. Nb3 Nf6 10. d3 Qa6 11. Nf3 e4 12. Ne5 Nbd7 13. Nxd7 Bxd7 14. Nc5 Qb6 15.
Nxd7 1-0

[Event "AUTO-ADV-2042"]
[Site "http://www.queenalice.com/game.php?id=888318"]
[Date "2011.1.19"]
[Round "1"]
[White "glasiq"]
[Black "Artking"]
[Result "0-1"]
[WhiteElo "1842"]
[BlackElo "1970"]

1. d4 Nf6 2. c4 g6 3. Nc3 Bg7 4. e4 d6 5. Nf3 O-O 6. Bf4 Bg4 7. Be2 Nbd7 8. O-O
c6 9. e5 dxe5 10. dxe5 Nh5 11. Be3 Qc7 12. Qd4 Bxf3 13. Bxf3 Bxe5 14. Qd3 Bxh2+
15. Kh1 Ne5 16. Qe2 Nxf3 17. Qxf3 Be5 0-1

[Event "AUTO-ADV-2042"]
[Site "http://www.queenalice.com/game.php?id=888329"]
[Date "2011.1.19"]
[Round "1"]
[White "glasiq"]
[Black "Panoramix"]
[Result "0-1"]
[WhiteElo "1831"]
[BlackElo "1764"]

1. d4 Nf6 2. c4 e6 3. Nc3 Bb4 4. Nf3 c5 5. a3 Bxc3+ 6. bxc3 Qa5 7. Bd2 O-O 8. g3
d6 9. Bg2 Bd7 10. Rb1 Bc6 11. O-O Qxa3 12. Ra1 Qxa1 13. Qxa1 Ne4 14. d5 exd5 0-1

[Event "AUTO-ADV-2042"]
[Site "http://www.queenalice.com/game.php?id=888330"]
[Date "2011.1.19"]
[Round "1"]
[White "Panoramix"]
[Black "glasiq"]
[Result "1-0"]
[WhiteElo "1783"]
[BlackElo "1812"]

1. e4 e5 2. Nf3 Nf6 3. Nxe5 d6 4. Nf3 Nxe4 5. d4 d5 6. Bd3 Be7 7. Qe2 Nf6 8. Bg5
O-O 9. O-O Re8 10. Ne5 Nbd7 11. f4 c5 12. c3 c4 13. Bc2 1-0